• 首页
  • 本馆介绍
  • 公告通知
  • 最新文献
  • 馆藏检索
  • 电子资源
  • 读者导购
  • 参考咨询
  • 我的图书馆
  • 登录
  • 详细信息显示
  • 放入我的书架
  • 预约/预借图书
  • 作者相关作品
  • 分类相关作品
  • 丛书相关作品
  • 出版社相关作品

书目信息

  • 表格格式
  • 工作单格式
  • 卡片格式
题名:
第一国际
    
 
作者: 张友伦 著
分册:  
出版信息: 北京   商务印书馆  1971
页数: 59页
开本: 19cm
丛书名:
单 册:
中图分类: D12
科图分类:
主题词:
电子资源:
ISBN: 11017.279
000 00589nam0 2200229 450
001 0171000272
005 20100713031309.0
010    @a11017.279@dCNY0.13
091    @a11017.279@d¥0.13
100    @a19960326d1971 em y0chiy0110 ea
101 0  @achi
102    @aCN@b110000
105    @ay z 000yy
106    @ar
200 1  @a第一国际@9Di Yi Guo Ji @f张友伦著
210    @a北京@c商务印书馆@d1971
215    @a59页@d19cm
601 0  @2CT@3S014232@a第一国际
690    @aD12@v3
701  0 @a张友伦@9zhang you lun@4著
801  0 @aCN@b91MARC@c20130904
905    @aBZT@dD12@e3@f1@sD12/3
    
    第一国际/张友伦著.-北京:商务印书馆,1971
    59页;19cm
    
    
    ISBN 11017.279:CNY0.13
    
●
相关链接 在五车中查询图书 在当当中查询图书 在豆瓣中查询图书


正题名:第一国际     索取号:D12/3         预约/预借

序号 登录号 条形码 馆藏地/架位号 状态 备注
1 2000095053   2000095053   旧书回溯/ [索取号:D12/3] 在馆    
山东省滨州职业学院图书馆 欢迎您!
大连网信软件有限公司© 版权所有